João Ar-Puro no país do fumo (Registo nº 3966)
[ vista simples ]
| 000 -Etiqueta do registo | |
|---|---|
| Cabeçalho | 00738cam a2200289 4500 |
| 005 - Identificador da versão | |
| Campo de controlo | 20240813122049.0 |
| 095 ## - | |
| -- | PTBN00452395 |
| 010 ## - Número internacional normalizado dos livros (ISBN) | |
| Número (ISBN) | 9724102319 |
| 021 ## - Número do Depósito Legal | |
| Código do país | PT |
| Número | 55028/92 |
| 100 ## - Dados gerais de processamento | |
| Dados gerais de processamento | 19930428d1992 c y0pory5003 ba |
| 102 ## - Pais de publicação ou produção | |
| País de publicação | Portugal |
| 101 0# - Língua de publicação | |
| Língua do texto, banda sonora, etc. | Português |
| 106 ## - Campo de dados codificados: material textual | |
| Dados codificados do material textual | r |
| 105 ## - Campo de dados codificados: livros | |
| Dados codificados dos livros | a z 000ay |
| 215 ## - Descrição física | |
| Indicação específica da natureza do documento e extensão da espécie | 33 p. |
| Outras indicações físicas | il. |
| Dimensões | 21 cm |
| 200 1# - Titulo e menção de responsabilidade | |
| Título próprio | João Ar-Puro no país do fumo |
| Primeira menção de responsabilidade | José Jorge Letria |
| Outras menções de responsabilidade | il. Paula Oliveira |
| 225 1# - Colecção | |
| Título próprio da colecção | Asa juvenil |
| Indicação de volume | 26 |
| 205 ## - Menção da edição | |
| Menção da edição | 3ª ed |
| 210 ## - Publicação, Distribuição, etc. | |
| Lugar da edição, distribuição, etc. | Porto |
| Nome do editor, distribuidor, etc. | Asa |
| Data da publicação, distribuição, etc. | 1992 |
| 675 ## - Classificação Decimal Universal (CDU) | |
| Notação | 087.5 |
| Edição | BN |
| Língua da edição | por |
| 702 #1 - Nome de autor-pessoa física (responsabilidade secundária) | |
| Número de registo de entrada de autoridade | 0000332 |
| Palavra de ordem | Oliveira |
| Outra parte do nome não tomada para palavra de ordem | Paula |
| Código de função | Ilustrador / Técnico de desenho computorizado |
| 700 #1 - Nome de autor-pessoa física (responsabilidade principal) | |
| Número de registo de entrada de autoridade | 0000273 |
| Palavra de ordem | Letria |
| Outra parte do nome não tomada para palavra de ordem | José Jorge |
| Datas | 1951- |
| 942 ## - Elementos de entrada adicionados (Koha) | |
| Tipo de item no Koha | Livro |
| Situação do levantamento | Origin of item (home branch) (coded) | Biblioteca de empréstimo | Código de barras | Cota | Circulation type (not for loan) | Tipo de documento | Nota do exemplar | Damaged status |
|---|---|---|---|---|---|---|---|---|
| Biblioteca Escolar das Vendas | Biblioteca Escolar das Vendas | BEV324 | 8POR LET | Livro | Sem mensagem |
